Statistieken voor Wereldkaart - Puzzel

Klik hier om de quiz te nemen!

Algemene statistieken

  • Deze quiz is 3.876 keer genomen
  • De gemiddelde score is 24 van 75

Antwoorden op de kaart

Antwoorden kleurgecodeerd door een groen-rode schaal op de quizkaart volgens % correct hieronder.
 

Antwoordstatistieken

Antwoord% Correct
66%
56%
50%
46%
46%
44%
44%
43%
43%
42%
42%
42%
42%
42%
40%
39%
39%
38%
37%
37%
37%
36%
35%
35%
35%
35%
34%
32%
32%
32%
31%
31%
31%
30%
30%
30%
29%
28%
28%
28%
28%
28%
28%
28%
27%
26%
26%
26%
26%
26%
26%
26%
26%
25%
25%
25%
25%
24%
24%
23%
23%
23%
23%
22%
22%
22%
22%
22%
21%
21%
20%
20%
19%
19%
18%

Scoreverdeling

Percentiel versus Aantal Correcte Antwoorden

Procent van Mensen met Elke Score

Uw Scoregeschiedenis

U heeft deze quiz nog niet genomen